Diego de Almagro
שמור ב:
| Main Authors: | , |
|---|---|
| פורמט: | ספר |
| שפה: | ספרדית |
| יצא לאור: |
Santiago
Universidad de Chile
1954
|
| נושאים: | |
| תגים: |
הוספת תג
אין תגיות, היה/י הראשונ/ה לתייג את הרשומה!
|
MARC
| LEADER | 00000cam a2200000 a 4500 | ||
|---|---|---|---|
| 001 | UCO2086 | ||
| 003 | CL-VaPUC | ||
| 005 | 20211118165417.0 | ||
| 008 | 000602e19540000cl |||||||||||||||||spa|d | ||
| 999 | |c 288627 |d 288625 | ||
| 040 | |c Pontificia Universidad Católica de Valparaíso | ||
| 082 | 0 | 4 | |a 983.02 MEL 1954 |2 21 |
| 100 | |a Mellafe Rojas, Rolando Bernardo |e autor |9 617190 | ||
| 245 | 1 | 0 | |a Diego de Almagro |
| 246 | 1 | 0 | |a Descubrimiento del Perú, por Rolando Mellafe |
| 246 | 1 | 0 | |a Descubrimiento de Chile, por Sergio Villalobos |
| 260 | |a Santiago |b Universidad de Chile |c 1954 | ||
| 300 | |a 156 páginas | ||
| 583 | |a last modification |c 20150406 12:48:45 |k Rodrigo Vera | ||
| 600 | 0 | 7 | |a ALMAGRO, DIEGO DE |2 CL-VaPUC |9 268479 |
| 650 | 0 | |a Historia de Chile |9 265473 | |
| 650 | 7 | |a HISTORIA DE PERU |2 CL-VaPUC |9 396299 | |
| 650 | 7 | |a DESCUBRIMIENTO Y EXPLORACIONES |2 CL-VaPUC |9 444825 |z CHILE |z PERU | |
| 700 | 0 | |a Villalobos Rivera, Sergio |e author |9 444824 | |
| 852 | |a BIBCUR | ||
| 942 | |c BK |2 ddc | ||
| 945 | |d 20000602 00:00:00 |a crobeson | ||
| 952 | |0 0 |1 0 |2 ddc |4 0 |6 983_020000000000000_MEL_1954 |7 0 |8 A |9 336431 |a BIBHIS |b BIBHIS |d 2019-11-20 |i 127838K |o 983.02 MEL 1954 |p 127838K |r 2025-01-20 |t 1 |w 2019-11-20 |y BK |k HIS | ||
| 952 | |0 0 |1 0 |2 ddc |4 0 |6 983_020000000000000_MEL_1954 |7 0 |8 A |9 336432 |a BIBHIS |b BIBHIS |d 2019-11-20 |i 1278398 |o 983.02 MEL 1954 |p 1278398 |r 2025-01-20 |t 2 |w 2019-11-20 |y BK |k HIS | ||
| 952 | |0 0 |1 0 |2 ddc |3 erb |4 0 |6 983_020000000000000_MEL_1954 |7 0 |8 X |9 336433 |a FDOBUD |b FDOBUD |i 5158133 |o 983.02 MEL 1954 |p 5158133 |r 2019-11-20 |t 3 |w 2019-11-20 |y BK_X |z Catalogado en:20150409 |k BUD | ||